Score 0/18 Timer 05:00
0 Plays Today
Movie Missing Word % Correct
Fifty _____ of GreyShades
97.7%
Robin Hood: Men in _____Tights
91%
House at the _____ of the StreetEnd
90.9%
The _____ of EliBook
87.2%
Knight and _____Day
87%
Ice Age: Collision _____Course
81.2%
The Angry _____ MovieBirds
77.7%
Mike and Dave Need _____ DatesWedding
66.1%
The _____ of TarzanLegend
64.4%
Movie Missing Word % Correct
_____ All the WayJingle
59.9%
_____ AscendingJupiter
58.8%
_____ Before YouMe
58.1%
Batman v Superman: Dawn of _____Justice
56.7%
_____ DawnRed
51.4%
The _____: Election YearPurge
44.6%
The _____ Instruments: City of BonesMortal
35.4%
_____ & ClankRatchet
34.7%
_____ of the LightDying
7.9%

Today's Daily Dose

Missing Word
Marvin Gaye Songs

Quick Pick
Movies of 2019

Get the Picture
Chinese Cities

You're not logged in!

Compare scores with friends on all Sporcle quizzes.
OR
Log In

Sporcle TV

Today on Sporcle TV


Watch our educational content, quiz creation guides, and fun videos on Sporcle TV.

Show Comments

Extras

Top Quizzes Today


Score Distribution

Your Account Isn't Verified!

In order to create a playlist on Sporcle, you need to verify the email address you used during registration. Go to your Sporcle Settings to finish the process.

Report this User

Report this user for behavior that violates our Community Guidelines.

Details: